[Event "Linares 13th"]
[Site "Linares"]
[Date "1995.03.13"]
[Round "10"]
[White "Khalifman, Alexander"]
[Black "Tiviakov, Sergei"]
[Result "1-0"]
[WhiteElo "2635"]
[BlackElo "2625"]
[Annotator "Ribli,Z"]
[PlyCount "147"]
[EventDate "1995.03.01"]
[EventType "tourn"]
[EventRounds "13"]
[EventCountry "ESP"]
[EventCategory "17"]
[SourceTitle "CBM 046"]
[Source "ChessBase"]
[SourceDate "1995.06.01"]
[SourceVersion "1"]
[SourceVersionDate "1995.06.01"]
[SourceQuality "1"]

1. c4 e5 2. Nc3 Nf6 3. Nf3 Nc6 4. g3 d5 5. cxd5 Nxd5 6. Bg2 Nb6 7. O-O Be7 8.
Rb1 f6 9. d4 $5 {Khalifman vorbereitete diese Neuerung sicher schon zu Hause.}
exd4 (9... Nxd4 10. Nxd4 exd4 11. Nb5 Bf5 12. Bf4 $1 $16 {Schwarz hat grosse
Schwierigkeiten fast mit allen Bauern am Damenfluegel. Weiss steht klar besser.
}) 10. Nb5 Bf5 11. Bf4 $1 Rc8 (11... Bxb1 $2 12. Nxc7+ Kf7 13. Qb3+ $18) (11...
Nd5 12. Nfxd4 $1 Nxd4 13. Nxd4 Bxb1 14. Ne6 Qd7 15. Bxd5 $18) 12. Rc1 d3 13.
exd3 Nd5 (13... Bxd3 $2 14. Nxc7+ Rxc7 15. Bxc7 Qxc7 16. Qxd3 $18) (13... O-O
14. Rxc6 $1 bxc6 15. Nxa7 Ra8 16. Nxc6 Qd7 17. Nxe7+ Qxe7 18. Nd4 $18 {
Rueckeroberung der Qualitaet mit zwei Mehrbauern. Weiss hat ein sehr gutes
Geschaeft abgeschlossen.}) 14. Nfd4 Nxf4 (14... Nxd4 15. Nxd4 Nxf4 16. Nxf5
Nxg2 17. Qb3 $1 $18) 15. Nxf5 Nxg2 16. Rxc6 $1 {Nach 16.Qb3! hat Weiss auch
sehr starken Angriff.} bxc6 17. Nxa7 Qd5 (17... Ra8 18. Nxc6 Qd7 19. Nfxe7 $18)
18. Nxc8 Qxf5 19. Nxe7 Kxe7 20. Kxg2 Qd5+ 21. Kg1 Qxa2 {Schwarz hat alles
zurueckgewonnen, aber Weiss hat sichere Koenigstellung und auch bessere
Bauernstruktur. Khalifman erreicht eine guenstige Moeglichkeit.} 22. Re1+ Kd8 (
22... Kf7 23. Qh5+ g6 24. Qc5 $16) 23. Qg4 Rg8 (23... Qxb2 24. Qxg7 Re8 25.
Qxf6+ Kd7 26. Qf7+ $18) (23... Qa5 24. Re4 $18) (23... Qf7 24. Ra1 $1 $18) 24.
Qe4 {Jetzt gewinnt Weiss einen Bauern.} Qd5 25. Qxh7 f5 26. d4 Qf7 27. Re5 Rf8
28. Qh4+ Kd7 29. Qf4 g6 30. h4 Qb3 31. Re3 (31. h5 $2 Qd1+ $10) 31... Qd5 (
31... Qxb2 $2 32. Qh6 $18) 32. Re1 Rf6 33. Re5 Qf7 34. b4 Qb3 35. Qg5 Qf7 36.
b5 cxb5 37. Rxb5 Qe6 38. Re5 {Weiss hat einen Mehrbauern und aktive Stellung.
Schwarz hat keine realistische Chance die Partie zu retten.} Qb6 39. Qh6 Kc8
40. Qh8+ Kb7 41. Re1 Qb4 (41... Qxd4 42. Rb1+ Kc6 43. Qe8+ Kc5 (43... Kd6 44.
Qd8+ Kc5 45. Rc1+ $18) 44. Rb5+ Kc4 45. Qe2+ Kc3 46. Qb2+ Kd3 47. Rb3+ Ke4 48.
Rb4 $18) 42. Ra1 Qf8 43. Rb1+ Kc8 44. Qh7 Qf7 45. Qh6 f4 46. g4 Qe6 47. Qg5 Rf7
48. Rc1 Kd7 49. Kf1 Qa6+ 50. Kg2 Qe6 51. Rc5 Kc8 52. Re5 Qc6+ 53. d5 f3+ 54.
Kg3 Qd6 55. Kh3 Qa6 56. Re8+ Kb7 57. Qc1 Rf6 58. Re7 {Das ist schon das Ende.}
Qb6 59. Qc4 Qa5 60. Kg3 Rd6 61. Qb3+ Ka7 62. Re4 Ra6 63. Rb4 Rb6 64. Qa4 Qxa4
65. Rxa4+ Kb7 66. Kxf3 Rb3+ 67. Kf4 Rd3 68. Kg5 Rxd5+ 69. Kxg6 c5 70. Ra2 Rd6+
71. Kh5 Kc6 72. Ra6+ {Sehr elegant} Kd5 73. Rxd6+ Kxd6 74. Kg5 {Ribli} (74. Kg5
Kd5 75. Kf4 Kd4 76. h5 c4 77. h6 c3 78. h7 c2 79. h8=Q+ $18) 1-0

[Event "San Martin"]
[Site "San Martin"]
[Date "1995.??.??"]
[Round "10"]
[White "Valerga, Diego"]
[Black "Ginzburg, Maximiliano"]
[Result "1-0"]
[WhiteElo "2465"]
[BlackElo "2450"]
[Annotator "Ribli,Z"]
[PlyCount "87"]
[EventDate "1995.03.??"]
[EventType "tourn"]
[EventRounds "13"]
[EventCountry "ARG"]
[EventCategory "10"]
[SourceTitle "CBM 048"]
[Source "ChessBase"]
[SourceDate "1995.10.01"]
[SourceVersion "1"]
[SourceVersionDate "1995.10.01"]
[SourceQuality "1"]

1. c4 Nf6 2. Nc3 e5 3. Nf3 Nc6 4. g3 d5 5. cxd5 Nxd5 6. Bg2 Nb6 7. O-O Be7 8.
a3 O-O 9. b4 a6 $6 {Unnoetig, weil 10.b5 keine echte Drohung ist.} (9... Be6 $5
) 10. d3 Be6 (10... Re8 11. Bb2 Bf8 12. Rc1 f5 13. e4 $5 Kh8 14. Re1 f4 15.
gxf4 exf4 16. Ne2 Bd6 17. Qc2 Bg4 18. d4 $16 {Psakhis,L-Onoprienko,V/Groningen
op/1993/EXP38/}) 11. Bb2 (11. Ne4 f6 12. Rb1 Ba2 13. Rb2 Bd5 14. Nc5 Rb8 15. e4
Bf7 16. Be3 Nd7 17. Nb3 $14 {Dorfman,I-Hellers,F/Amsterdam OHRA-B/1990/CBM20/
INF50,32/}) 11... f6 12. Rc1 Qd7 13. Ne4 Rfd8 (13... Rad8 14. Qc2 (14. Re1 $5)
14... Rfe8 15. Rfd1 Bf8 16. d4 $6 (16. Nc5 $5) 16... Qf7 $13 {Schmidt
Schaeffer,S-Marin,M/Cannes op/1995/EXP46/}) 14. Re1 a5 15. Nc5 (15. b5 Na7 (
15... Nd4 16. Nxd4 exd4 17. Nc5 Bxc5 18. Rxc5 $14) 16. a4 c6 17. bxc6 Nxc6 $13)
15... Bxc5 16. bxc5 Nd5 17. Qa4 {>< a5,b7} Nde7 (17... Nd4 $2 18. Qxd7 Nxf3+
19. Bxf3 Rxd7 20. c6 bxc6 21. Rxc6 $16) 18. Bc3 Rab8 19. Rb1 $1 {<-> b} b6 20.
Qb5 Qe8 21. cxb6 cxb6 22. Nd2 {Droht /\ Nc4 >< b6.} Bd5 23. Rec1 Bxg2 24. Kxg2
Qh5 25. Nf3 Rd5 26. Qb3 Kh8 27. Bd2 Qe8 28. Be3 b5 29. Rc5 Qd7 30. Rbc1 h6 31.
Nd2 f5 32. Rxd5 Nxd5 33. Rc5 $14 {Weiss besitzt die c-Linie und die schwarzen
P sind am fuenften Reihe leicht angriffbar.} Nce7 34. Nf3 $1 e4 (34... Qe6 35.
Kg1 $1 $14) (34... Qb7 35. Kg1 $1 $14) 35. dxe4 fxe4 36. Nd4 a4 37. Qc2 Nxe3+
38. fxe3 Qg4 (38... b4 39. axb4 Rxb4 40. Qxe4 $16) 39. Re5 $1 {Richtige
Entscheidung! Weiss gewinnt erst den e4P, weil der schwarze Damenfluegel
weiterhin schwach bleibt.} Ng6 40. Rxe4 Qh5 (40... Nh4+ 41. Kg1 $18) 41. Qc6 b4
42. Qd6 $1 Rf8 43. g4 $1 Qh4 44. Nf3 1-0

[Event "Linares 13th"]
[Site "Linares"]
[Date "1995.03.16"]
[Round "12"]
[White "Khalifman, Alexander"]
[Black "Short, Nigel D"]
[Result "1/2-1/2"]
[WhiteElo "2635"]
[BlackElo "2655"]
[Annotator "Ribli,Z"]
[PlyCount "83"]
[EventDate "1995.03.01"]
[EventType "tourn"]
[EventRounds "13"]
[EventCountry "ESP"]
[EventCategory "17"]
[SourceTitle "CBM 046"]
[Source "ChessBase"]
[SourceDate "1995.06.01"]
[SourceVersion "1"]
[SourceVersionDate "1995.06.01"]
[SourceQuality "1"]

1. c4 e5 2. Nc3 Nf6 3. Nf3 Nc6 4. g3 Bb4 5. Nd5 Bc5 6. Bg2 O-O 7. O-O d6 8. d3
(8. e3 a6 9. d3 Ba7 10. Nc3 h6 11. a3 Be6 12. b4 Qd7 13. Bb2 $10 {Bischoff,
K-Short,N/Garmisch-Partenkirchen 25'/1994/EXP43/}) 8... h6 {Interessant, wie
einfach Ehlvest eine ausgeglichene Stellung mit 8...Nd5 gegen Lobron erreicht
hat.} (8... Nxd5 $5 9. cxd5 Nd4 10. Nxd4 Bxd4 11. e3 Bb6 12. Bd2 a5 13. Bc3 f5
$10 {Lobron,E-Ehlvest,J/New York op/1994/EXP40/INF61,33/}) 9. e3 a6 {Short's
Lieblingszug in dieser Variante.} 10. b3 Ba7 11. Bb2 Nxd5 12. cxd5 Ne7 13. Nd2
(13. e4 f5 $13 {13...c6 kommt auch in Betracht.}) 13... b5 {Originelle Idee.}
14. Rc1 Bb7 15. e4 {Schwarz wollte diesen Zug erzwungen.} c6 16. dxc6 Nxc6 17.
Nf3 {Weiss kann hier kaum noch auf Eroeffnungsvorteil hoffen.} Rc8 18. Qd2 Qf6
19. h3 Bb6 20. Kh2 Rfd8 21. Rfd1 Kf8 22. Qe2 g5 $6 {Schwarz nimmt zuviele
Risiko.} 23. Qd2 a5 24. Kg1 b4 25. Rc2 Na7 26. Rxc8 Bxc8 27. d4 Nb5 28. Qd3 Ba6
29. Qe3 Bb7 30. Qd3 Nxd4 $2 {Schwarz sollte 30...Ba6 spielen.} 31. Nxd4 exd4
32. e5 $1 {Short hat mit diesem Zug sicher nicht gerechnet.} Qe7 33. Qh7 Ke8
34. Bxb7 $2 (34. exd6 $1 {Hier konnte Weiss mit 34.ed6! einen sehr
gefaehrlichen Angriff fuehren.} Qe2 (34... Rxd6 $2 35. Qg8+ Kd7 36. Bxb7 $18)
35. Qg8+ Kd7 36. Qxf7+ Kxd6 {In dieser kritischen Stellung hat der Anziehende
zwei Moeglichkeiten.} 37. Qf6+ $1 (37. Qxb7 Qxd1+ 38. Kh2 Qd2 39. Qxb6+ Ke7 40.
Qc5+ Rd6 41. Bc1 $16) 37... Kd7 38. Rc1 $1 Qxb2 39. Re1 $3 {[#]} Kc7 (39... Kc8
40. Qxb6 Bxg2 41. Re7 Qc1+ 42. Kxg2 $18) 40. Re7+ Rd7 41. Qe5+ $1 Kc8 42. Qe6
$1 Qc1+ 43. Kh2 Qc7 44. Re8+ Qd8 45. Rxd8+ Bxd8 46. Bxb7+ $18) 34... Qxb7 35.
Bxd4 Qd5 $5 36. e6 $1 fxe6 {[#]} 37. Qg7 $2 (37. Bf6 $1 Qxd1+ 38. Kh2 $18 {
Schwarz kann das Matt nicht verhindern.}) 37... e5 38. Qg6+ Kd7 39. Qg7+ Ke8
40. Qg6+ Kd7 41. Qh7+ Ke8 42. Qg6+ {Ribli} 1/2-1/2

[Event "Dos Hermanas"]
[Site "Dos Hermanas"]
[Date "1995.??.??"]
[Round "5"]
[White "Karpov, Anatoly"]
[Black "Illescas Cordoba, Miguel"]
[Result "1/2-1/2"]
[WhiteElo "2780"]
[BlackElo "2595"]
[Annotator "Ribli,Z"]
[PlyCount "107"]
[EventDate "1995.04.??"]
[EventType "tourn"]
[EventRounds "9"]
[EventCountry "ESP"]
[EventCategory "18"]
[SourceTitle "CBM 047"]
[Source "ChessBase"]
[SourceDate "1995.08.01"]
[SourceVersion "1"]
[SourceVersionDate "1995.08.01"]
[SourceQuality "1"]

1. c4 Nf6 2. Nc3 e5 3. Nf3 Nc6 4. g3 Bc5 {In der letzten Zeit kommt dieser Zug
in Mode.} 5. Bg2 d6 6. O-O O-O 7. d3 h6 8. e3 a6 9. h3 Ba7 10. Kh2 Be6 11. b3
d5 $5 12. Ba3 Re8 13. cxd5 Nxd5 14. Rc1 Nxc3 15. Rxc3 Bd5 {Wir sehen jetzt
eine typische sizilianische Stellung mit anderen Farben. Ich meine die weisse
Stellung ist bequemer (aktiver Figuren und bessere Bauern- struktur).} 16. Qc2
Bb6 (16... e4 $2 17. Nd2 exd3 18. Rxd3 $18) 17. Rc1 Qf6 18. Ne1 Bxg2 19. Kxg2
Rad8 20. Rc4 Qe6 21. Qe2 Rd5 22. Bc5 Red8 23. b4 Bxc5 24. bxc5 (24. Rxc5 $2
Nxb4 25. Rxc7 Nxd3 26. Nxd3 Rxd3 27. Rxb7 Rd2 $17) 24... Ne7 25. Qb2 b5 26.
cxb6 cxb6 27. a4 b5 $5 28. axb5 Rxb5 $1 {Schwarz will seine Tuerme
aktivisieren.} (28... axb5 29. Rc7 $14) 29. Qa3 Rdb8 30. e4 $5 {Begrenzt die
Moeglichkeiten des schwarzen Springers.} Rb3 31. Qa5 Rb2 32. R1c2 R2b5 33. Qa4
Rb1 34. Qa5 Kh7 35. Nf3 R1b5 36. Qa2 Rb3 37. R4c3 Ng6 (37... Rxc3 $2 38. Qxe6
fxe6 39. Rxc3 Ng6 40. Ra3 Ra8 41. Ra5 $18) 38. Qa4 Rxc3 39. Rxc3 Rc8 40. Rb3 f6
41. Rb7 Rd8 42. Ne1 Rd6 43. Rc7 Nf8 44. Qc2 Rd7 45. Rc8 Ng6 46. Ra8 Rd6 47. Qa4
Rb6 48. Qa3 Qc6 49. Rd8 Qc7 50. Re8 Qd7 51. Ra8 Qb7 52. Re8 Qd7 53. Ra8 Qb7 54.
Re8 {Schwarz verteidigt sich sehr gut, und wir wissen genau dass es gegen
Karpov nicht einfach ist.} 1/2-1/2

[Event "Bad Endbach"]
[Site "Bad Endbach"]
[Date "1995.??.??"]
[Round "?"]
[White "Levin, Felix"]
[Black "Romanishin, Oleg M"]
[Result "1/2-1/2"]
[WhiteElo "2490"]
[BlackElo "2595"]
[Annotator "Ribli,Z"]
[PlyCount "120"]
[EventDate "1995.04.??"]
[EventType "tourn"]
[EventRounds "11"]
[EventCountry "GER"]
[EventCategory "11"]
[SourceTitle "CBM 047"]
[Source "ChessBase"]
[SourceDate "1995.08.01"]
[SourceVersion "1"]
[SourceVersionDate "1995.08.01"]
[SourceQuality "1"]

1. c4 e5 2. g3 Nf6 3. Bg2 d5 4. cxd5 Nxd5 5. Nf3 Nc6 6. O-O Be7 7. Nc3 Nb6 8.
Rb1 a5 $5 (8... f6 9. d4 $1 {Sehr starke Neuerung von Khalifman.} exd4 10. Nb5
Bf5 11. Bf4 Rc8 12. Rc1 $44 {Weiss hat mehr als genuegend Kompensation fuer
den geopferten Bauern. Khalif- man,A-Tiviakov,S/Linares/1995/CBM46/}) 9. b3 $5
{Dieser Zug gilt momentan als beste Fortsetzung.} (9. a3 O-O 10. b4 axb4 11.
axb4 Bf5 12. b5 Nd4 13. d3 Bg4 $10 {Hodgson,Ju-Romanishin,O/Groningen PCA/1993/
CBM39/INF59,47/}) 9... O-O 10. Bb2 f5 11. d3 Kh8 (11... Bf6 12. Nd2 Be6 13. Nc4
Rf7 14. e4 (14. f4 $1 $16 {Timman}) 14... f4 15. Nxb6 cxb6 16. Nd5 $14 {
Timman,J-Short,N/Amsterdam VSB/1994/CBM42/INF60,34/}) 12. Nd2 Be6 13. Nc4 Bf6
14. a3 $6 {Weiss will alles versichern, verliert aber Zeit.} (14. e4 f4 15.
Nxb6 cxb6 16. Nd5 Bxd5 17. exd5 Nb4 18. Be4 g6 (18... Nxd5 $2 19. Qh5 $40 {
Der weisse Angriff sieht sehr gefaehrlich aus.}) 19. d4 (19. a3 Nxd5 20. Qf3
Nc7 21. Bxb7 Rb8 $13) 19... exd4 20. Bxd4 Nxa2 $13) (14. f4 $5 {Zu pruefen ist.
}) 14... Rf7 15. Nxb6 cxb6 16. e4 Rd7 17. Nd5 Bxd5 18. exd5 Ne7 19. Qe2 Nxd5
20. Bxe5 Qe8 (20... Nc3 $5 21. Bxc3 Bxc3 $13 {Schwarz steht mindestens gleich.}
) 21. Rbe1 Nc3 22. Qe3 $1 {Besser als 22.Bc3.} Qxe5 23. Qxe5 Bxe5 24. Rxe5 g6
25. Re6 b5 26. Rfe1 Rad8 (26... Rxd3 27. Bxb7 (27. Re7 $5) 27... Rad8 $10) 27.
Bf1 Kg7 28. Rb6 Rc7 29. f4 Kf7 30. Kg2 Rdd7 31. Rc1 Ke7 32. Re1+ Kf7 33. Re5
Rc6 {Jetzt beginnt ein mehrzuegiges vereinfachendes Manoever.} 34. Rxc6 bxc6
35. Rc5 Nb1 36. Rxc6 Nxa3 37. Ra6 Nc2 38. Kf2 Nb4 39. Rxa5 Nxd3+ 40. Ke3 (40.
Bxd3 Rxd3 41. Rxb5 Rd2+ $14 {Ungefaehr wie die Partiefortsetzung.}) 40... Nb4
41. Bxb5 (41. Rxb5 Nc2+ 42. Kf2 Rd2+ 43. Kg1 Ne3 $10 (43... Nd4 $5)) 41... Nc2+
42. Ke2 Nd4+ 43. Kf1 Nxb5 44. Rxb5 Rd2 45. Rb7+ Ke6 46. Rxh7 Rb2 47. Rg7 Kf6
48. Rb7 Rxh2 {Im Endergebnis hat der Anziehende einen Bauern erobert, aber das
Endspiel war fuer ihn nicht zu gewinnen.} 49. Rd7 Rb2 50. Rd6+ Kg7 51. Rd3 g5
$1 {Dieser Zug ist fuer derartiges Turmendspiel typisch.} 52. fxg5 Kg6 53. Ke1
Kxg5 54. Kd1 Kg4 55. Kc1 Rg2 56. b4 Rxg3 $1 57. Rxg3+ Kxg3 58. b5 f4 59. b6 f3
60. b7 f2 (60... f2 61. b8=Q+ Kg2 62. Qg8+ Kh1 63. Qf7 Kg2 64. Qg6+ Kh1 65. Qf5
Kg2 66. Qg4+ Kh1 67. Qh3+ Kg1 68. Qg3+ Kh1 $1 69. Qxf2 $10) 1/2-1/2

[Event "Toledo"]
[Site "Toledo"]
[Date "1991.??.??"]
[Round "3"]
[White "Gomez Esteban, Juan Mario"]
[Black "Franco Ocampos, Zenon"]
[Result "0-1"]
[WhiteElo "2400"]
[BlackElo "2495"]
[Annotator "Ribli,Z"]
[PlyCount "66"]
[EventDate "1991.02.??"]
[EventType "tourn"]
[EventRounds "9"]
[EventCountry "ESP"]
[EventCategory "8"]
[SourceTitle "CBM 022"]
[Source "ChessBase"]
[SourceDate "1991.06.01"]
[SourceVersion "1"]
[SourceVersionDate "1991.06.01"]
[SourceQuality "1"]

1. c4 e5 2. Nc3 Nf6 3. Nf3 Nc6 4. g3 d5 5. cxd5 Nxd5 6. Bg2 Nde7 7. b4 a6 8. a3
(8. O-O g6 9. a4 $1 Bg7 10. Ba3 O-O 11. b5 Nd4 12. e3 Nxf3+ 13. Qxf3 Re8 14.
Qe2 h5 15. h3 Ra7 $2 16. Rfc1 $14 {Zwaig-Romanischin Hastings 1976/77}) 8... g6
9. O-O Bg7 10. Bb2 O-O 11. d3 h6 12. Rc1 Be6 13. Qc2 Qd7 14. Na4 b6 15. Nd2 Bd5
16. Bxd5 Qxd5 17. Qb3 Qd7 18. Nf3 Nd4 $1 19. Nxd4 exd4 20. Rc2 Rfe8 21. e4 $2
dxe3 22. fxe3 Nf5 $1 23. Bxg7 Kxg7 24. Rcf2 Rxe3 25. g4 Nd6 26. Qd5 Rae8 27.
Rxf7+ Qxf7 28. Rxf7+ Nxf7 29. Qd4+ Kh7 30. Nc3 Ng5 31. Kg2 Nf3 32. Qf6 Ne1+ 33.
Kg1 Rf3 0-1

[Event "Debrecen"]
[Site "Debrecen"]
[Date "1990.??.??"]
[Round "2"]
[White "Oll, Lembit"]
[Black "Romanishin, Oleg M"]
[Result "0-1"]
[WhiteElo "2570"]
[BlackElo "2525"]
[Annotator "Ribli,Z"]
[PlyCount "78"]
[EventDate "1990.06.??"]
[EventType "tourn"]
[EventRounds "11"]
[EventCountry "HUN"]
[EventCategory "13"]
[SourceTitle "CBM 020"]
[Source "ChessBase"]
[SourceDate "1991.02.01"]
[SourceVersion "1"]
[SourceVersionDate "1991.02.01"]
[SourceQuality "1"]

1. c4 e5 2. g3 Nf6 3. Bg2 d5 4. cxd5 Nxd5 5. Nc3 Nb6 6. Nf3 Nc6 7. O-O Be7 8.
d3 O-O 9. Be3 Be6 10. Rc1 Nd5 (10... f6 11. a3 Qd7 12. Ne4 Rfd8 13. Bc5 Bd5 {
Suba-Fernandez Dubai ol 1986 42/31}) 11. Nxd5 Bxd5 12. Qa4 Re8 13. h4 a6 14. a3
Rb8 15. Rfe1 Bf8 16. Ng5 Bxg2 17. Kxg2 h6 18. Ne4 f5 19. Qc4+ Kh7 20. Nc5 Bxc5
21. Bxc5 $10 Qf6 22. e3 Rbd8 23. Bb4 Rd7 24. Red1 Red8 25. Rd2 Rd5 26. Rdd1
R8d7 27. Rc2 Qg6 28. Rdd2 a5 29. Bc3 b5 30. Qb3 a4 31. Qa2 f4 32. Qb1 fxe3 33.
fxe3 Rxd3 34. Rxd3 Rxd3 35. Re2 Nd4 $1 36. Bxd4 exd4 37. Qc1 Qe4+ 38. Kf2 Qf5+
39. Kg2 c5 0-1

[Event "Santa Clara"]
[Site "Santa Clara"]
[Date "1991.??.??"]
[Round "5"]
[White "Pigusov, Evgeny"]
[Black "Estevez Morales, Guillermo"]
[Result "1-0"]
[WhiteElo "2540"]
[BlackElo "2350"]
[Annotator "Ribli,Z"]
[PlyCount "53"]
[EventDate "1991.02.??"]
[EventType "tourn"]
[EventRounds "13"]
[EventCountry "CUB"]
[EventCategory "9"]
[SourceTitle "CBM 026"]
[Source "ChessBase"]
[SourceDate "1992.02.01"]
[SourceVersion "1"]
[SourceVersionDate "1992.02.01"]
[SourceQuality "1"]

1. c4 e5 2. g3 Nf6 3. Bg2 d5 4. cxd5 Nxd5 5. Nc3 Nb6 6. Nf3 Nc6 7. O-O Be7 8.
a3 O-O 9. b4 Be6 10. Rb1 f6 11. d3 Nd4 12. Be3 c5 (12... Nxf3+ 13. Bxf3 c6 14.
Ne4 Bd5 15. a4 f5 16. Nd2 Nd7 17. Bxd5+ cxd5 18. Qb3 Nf6 19. Nf3 Bd6 20. Bg5
$14 {Serper,G-Tiviakov,S URS-chJ Kherson 1991 EXP/21}) 13. Ne4 cxb4 14. axb4
Rc8 (14... Nxf3+ 15. Bxf3 Nd5 16. Bd2 b6 17. Qa4 $14 {Kharitonov,A-Aseev,K
Lvov zt 1990 CBM/18}) 15. Bxd4 $5 (15. Nc5 $6 Bxc5 16. bxc5 Rxc5 17. Rb4 Nxf3+
18. Bxf3 Rc7 $10 {Pigusov,E-Vyzmanavin,A Sochi-A 1989 CBM/16}) 15... exd4 16.
Rb2 Nd5 17. Qa1 Qb6 18. Qa5 $1 Rfd8 19. Qxb6 Nxb6 20. Ra1 a6 21. Nc5 $1 Bd5 22.
Bh3 $1 Rxc5 23. bxc5 Bxc5 24. Ra5 Bxf3 25. exf3 Bd6 26. Ra1 $1 (26. Rxb6 $2 Bc7
$10) 26... Bc5 27. f4 1-0

[Event "Interzonal-15"]
[Site "Manila"]
[Date "1990.??.??"]
[Round "1"]
[White "Sunye Neto, Jaime"]
[Black "Huebner, Robert"]
[Result "1/2-1/2"]
[WhiteElo "2465"]
[BlackElo "2585"]
[Annotator "Ribli,Z"]
[PlyCount "69"]
[EventDate "1990.06.29"]
[EventType "swiss"]
[EventRounds "13"]
[EventCountry "PHI"]
[SourceTitle "CBM 019"]
[Source "ChessBase"]
[SourceDate "1990.12.01"]
[SourceVersion "1"]
[SourceVersionDate "1990.12.01"]
[SourceQuality "1"]

1. c4 e5 2. Nc3 Nf6 3. Nf3 Nc6 4. g3 d5 5. cxd5 Nxd5 6. Bg2 Nb6 7. O-O Be7 8.
a3 O-O 9. b4 Be6 10. Rb1 f6 11. d3 Nd4 12. Nxd4 (12. Nd2 Nd5 13. Bb2 Nxc3 14.
Bxc3 c6 15. Bxd4 Qxd4 16. Nb3 Qd7 17. Nc5 Bxc5 18. bxc5 {Azmayparashvili,
Z-Aseev,K Lvov zt 1990 CBM 18}) 12... exd4 13. Ne4 Bd5 14. Bb2 f5 15. Nd2 Bxg2
16. Kxg2 Bf6 (16... Qd5+ 17. Kg1 a5 18. Qb3 axb4 19. axb4 Ra4 20. b5 Rb4 {
Seret,JL-Miralles,G Lyon zt 1990 CBM 18}) 17. Qb3+ Kh8 18. Rbc1 (18. Rfc1 $5)
18... a5 19. Rc5 axb4 20. axb4 Be7 21. Ra5 Qd7 22. Nf3 Bf6 23. Rc1 c6 24. Rcc5
g6 25. Ne5 $2 Qg7 26. Nf3 Rae8 27. Rc2 Nc8 28. Ra8 Nd6 29. Rxe8 Rxe8 30. Qa2
Nb5 31. Qa1 Qf7 32. e3 Qb3 33. Nxd4 Nxd4 34. Bxd4 Qd5+ 35. f3 {Ribli} 1/2-1/2

[Event "Linares 09th"]
[Site "Linares"]
[Date "1991.??.??"]
[Round "8"]
[White "Gurevich, Mikhail"]
[Black "Salov, Valery"]
[Result "1/2-1/2"]
[WhiteElo "2650"]
[BlackElo "2645"]
[Annotator "Ribli,Z"]
[PlyCount "78"]
[EventDate "1991.02.??"]
[EventType "tourn"]
[EventRounds "13"]
[EventCountry "ESP"]
[EventCategory "17"]
[SourceTitle "CBM 022"]
[Source "ChessBase"]
[SourceDate "1991.06.01"]
[SourceVersion "1"]
[SourceVersionDate "1991.06.01"]
[SourceQuality "1"]

1. c4 Nf6 2. Nc3 e5 3. Nf3 Nc6 4. g3 Bb4 5. Bg2 O-O 6. O-O Bxc3 7. bxc3 Re8 8.
d3 e4 9. Nd4 exd3 (9... h6 10. dxe4 Nxe4 11. Qc2 d5 $1 $13 {Kasparov,G-Karpov,
An Sevilla m 1987 44/21}) 10. exd3 h6 (10... Nxd4 11. cxd4 h6 12. Bf4 d5 13.
Qb3 c6 14. Rfe1 {Azmayparashvili,Z-Martin,B Sydney 1990 CBM/20}) 11. Be3 Ne5
12. Re1 (12. Rb1 $5) 12... d6 13. h3 c5 14. Nf3 Ng6 15. d4 Qc7 16. Nd2 Bd7 17.
Rb1 Bc6 18. Bxc6 Qxc6 19. Qf3 Qxf3 20. Nxf3 b6 21. Nd2 Rac8 22. a4 Ne4 23. Nxe4
Rxe4 24. a5 bxa5 25. Rb5 cxd4 26. cxd4 Rxc4 27. Rxa5 Rcxd4 28. Rxa7 Rd5 29. Rc1
Re7 30. Rc8+ Kh7 31. Rxe7 Nxe7 32. Rc7 Re5 33. Rd7 Nf5 34. Bf4 Re1+ 35. Kg2 g5
36. Bxd6 Rd1 37. Rxf7+ Kg6 38. Rxf5 Kxf5 39. g4+ Kg6 1/2-1/2